000 00744nam a2200253Ia 4500
003 OSt
005 20220925204951.0
006 a|||||r|||| 00| 0
007 ta
008 220923b |||||||| |||| 00| 0 eng d
037 _cGeneral Book
040 _aRTL
_cRTL
_beng
041 _2eng
_aeng
082 _aY7143, L5
100 _aTuttle Russell Ed.
_9269338
245 0 _aPaleoanthropology
_b Morphology and paleo-ecology
260 _aHague
_bMutton
_c1975
300 _axv, 453p
_ccm.
490 _aWorld Anthropology . Ed by Sol Tax
500 _aBibiligraphy chapterwise and P 431-37
650 _aPre-Historic
_9246425
942 _hY7143, L5
_cGB
_2CC
999 _c550861
_d550861